Análisis comparativo de tres regiones periféricas sobre producción agropecuaria, empleo, ingreso y migración: Vertiente Atlántica, Pacífico Norte y Pacífico Sur /
Análisis sobre la situación del empleo y la producción agropecuaria en 3 regiones de Costa Rica, en base a los censos de población y agropecuario de 1973, describe la densidad de población, distribución y uso de la tierra, tierras no explotadas y producción agropecuaria. Examina el empleo basándose...
Αποθηκεύτηκε σε:
| Συλλογικό Έργο: | , |
|---|---|
| Μορφή: | Κείμενο |
| Έκδοση: |
San José:
IFAM. AITEC
|
| Θέματα: | |
| Ετικέτες: |
Προσθήκη ετικέτας
Δεν υπάρχουν, Καταχωρήστε ετικέτα πρώτοι!
|
MARC
| LEADER | 00000 a a2200000 04500 | ||
|---|---|---|---|
| 001 | 19812 | ||
| 003 | |||
| 040 | |||
| 090 | |a 080000 | ||
| 110 | |a Instituto de Fomento y Asesoría Municipal. Dirección de Planificación. Sección de Investigación | ||
| 245 | |a Análisis comparativo de tres regiones periféricas sobre producción agropecuaria, empleo, ingreso y migración: Vertiente Atlántica, Pacífico Norte y Pacífico Sur / |c Instituto de Fomento y Asesoría Municipal. Dirección de Planificación. Sección de Investigación | ||
| 260 | |a San José: |b IFAM. AITEC | ||
| 300 | |a 93 p. | ||
| 520 | |a Análisis sobre la situación del empleo y la producción agropecuaria en 3 regiones de Costa Rica, en base a los censos de población y agropecuario de 1973, describe la densidad de población, distribución y uso de la tierra, tierras no explotadas y producción agropecuaria. Examina el empleo basándose en 4 indicadores: situación del empleo, ingresos, migración estacional e inmigración./ACM | ||
| 650 | |a COSTA RICA | ||
| 650 | |a EMPLEO | ||
| 650 | |a DESEMPLEO | ||
| 650 | |a SECTOR AGROPECUARIO | ||
| 710 | |a Acción Internacional Técnica, División de Acción Internacional | ||
| 999 | |c 13868 |d 13868 | ||
